Vista normal
Vista MARC
Entrada Personal Name
Número de registros utilizados en: 1
001 - CONTROL NUMBER
- control field: 16792
003 - CONTROL NUMBER IDENTIFIER
- control field: DLC
005 - DATE AND TIME OF LATEST TRANSACTION
- control field: 20250224122505.0
008 - FIXED-LENGTH DATA ELEMENTS
- fixed length control field: 840202n| azannaabn |a aaa
010 ## - LIBRARY OF CONGRESS CONTROL NUMBER
- LC control number: n 82231835
035 ## - SYSTEM CONTROL NUMBER
- System control number: (OCoLC)oca01365419
040 ## - CATALOGING SOURCE
- Original cataloging agency: DLC
- Language of cataloging: spa
- Description conventions: rda
- Transcribing agency: Mx-PuUPA
- Modifying agency: DLC
- Modifying agency: OCoLC
- Modifying agency: DLC
- Modifying agency: AzPhBJB
- Modifying agency: OU
- Modifying agency: Mx-PuUPA
046 ## - SPECIAL CODED DATES
- Birth date: 1903
- Death date: 1990
- Source of date scheme: edtf
100 1# - HEADING--PERSONAL NAME
- Personal name: Rubín de la Borbolla, Daniel,
- Dates associated with a name: 1903-1990
370 ## - ASSOCIATED PLACE
- Associated country: Mexico
- Source of term: naf
374 ## - OCCUPATION
- Occupation: Arqueólogo
- Occupation: Antropólogo
- Occupation: Curador de museos
- Occupation: Autor
- Source of term: lcsh
375 ## - GENDER
- Gender: hombre
- Source of term: lcdgt
377 ## - ASSOCIATED LANGUAGE
- Language code: spa
378 ## - FULLER FORM OF PERSONAL NAME
- Fuller form of personal name: Daniel Fernando
400 1# - SEE FROM TRACING--PERSONAL NAME
- Personal name: Borbolla, Daniel Rubín de la
400 1# - SEE FROM TRACING--PERSONAL NAME
- Personal name: De la Borbolla, Daniel Rubín
400 1# - SEE FROM TRACING--PERSONAL NAME
- Personal name: La Borbolla, Daniel Rubín de
400 1# - SEE FROM TRACING--PERSONAL NAME
- Personal name: Rubín de la Borbolla, Daniel F.
- Fuller form of name: (Daniel Fernando)
670 ## - SOURCE DATA FOUND
- Source citation: Panama 1978, 1979:
- Information found: t.p. (Daniel Rubín de la Borbolla) p. 4 (Daniel F. Rubín de la Borbolla) p. 134 (chairman, Working Group on the Preservation of Historical and Prehistorical Heritage, Historical Committee, Pan American Institute of Geography and History)
670 ## - SOURCE DATA FOUND
- Source citation: José María Velasco, 1975?:
- Information found: t.p. (Dr. Daniel F. Rubín de la Borbolla)
670 ## - SOURCE DATA FOUND
- Source citation: Centro Daniel Rubín de la Borbolla web site, viewed online 2012-01-11:
- Information found: (Daniel Rubín de la Borbolla, archeologist, anthropologist, museum founder, b. 1903, d. 1990)
670 ## - SOURCE DATA FOUND
- Source citation: Wikidata via Wikipedia, January 13, 2020
- Information found: (alias: Daniel Rubin de la Borbolla; instance of: human; sex or gender: male; given name: Daniel; occupation: anthropologist, archaeologist; date of birth: +1903-00-00T00:00:00Z; date of death: +1990-00-00T00:00:00Z; country of citizenship: Mexico; award received: Commander of the Order of the Sun of Peru; ISNI (P213): 0000000061413539; LCAuth identifier: n82231835; FAST-ID: 155423; VIAF identifier: 29552360; SUDOC authorities: 028673735, 156098075; BNE identifier: XX1185996; BIBSYS identifier: 98006311; RERO ID (P3065): 02-A000140162, 02-A003768760; NLI (Israel) identifier: 003957095; BAV (Vatican Library) identifier: ADV11103342; NTA identifier (Netherlands): 071073434; NKC identifier: jn20020721202; PTBNP identifier: 539065; BnF identifier: 120460628; description/label: antropólogu mexicanu , mexikanischer Anthropologe)
- Uniform Resource Identifier: http://www.wikidata.org/entity/Q16491765